منا ظر عا شق ہر گا نو ی کی ا د بی تہہ د ا ر ی (Record no. 175641)

MARC details
000 -LEADER
fixed length control field 00754nam a22001937a 4500
005 - DATE AND TIME OF LATEST TRANSACTION
control field 20200911151506.0
010 ## - LCCN (DPL NO)
LC control number UR-10855
020 ## - INTERNATIONAL STANDARD BOOK NUMBER
Terms of availability 200.00
International Standard Book Number 9789390100125
035 ## - SYSTEM CONTROL NUMBER
System control number U-9410
037 ## - SOURCE OF ACQUISITION
Source of stock number/acquisition DBAD/PUB
082 ## - DEWEY DECIMAL CLASSIFICATION NUMBER
Classification number 840.8
100 ## - MAIN ENTRY--PERSONAL NAME
Personal name صفی ا لر حمن ر ا عين
245 ## - TITLE STATEMENT
Title منا ظر عا شق ہر گا نو ی کی ا د بی تہہ د ا ر ی
Statement of responsibility, etc صفی ا لر حمن ر ا عين
246 ## - VARYING FORM OF TITLE
Remainder of title Manazir Ashiq Harganvi ki Adabi Tahdari (Urdu)
Title proper/short title by Safiur Rahman Rayeen
260 ## - PUBLICATION, DISTRIBUTION, ETC. (IMPRINT)
Place of publication, distribution, etc N.Delhi
Name of publisher, distributor, etc Educational Publishing House
Date of publication, distribution, etc 2020 ء
270 ## - ADDRESS
Address H.O.D1/16,Ansari Road,Darya ganj,
City N.Delhi
Postal code 110002
Telephone number 45678285,23216162
Fax number 0091-11-23211540
300 ## - PHYSICAL DESCRIPTION
Extent 160 ص
Dimensions 22 Cm(Hb)
942 ## - ADDED ENTRY ELEMENTS (KOHA)
Source of classification or shelving scheme Dewey Decimal Classification
Item type Urdu Bks
Classification part 840.8
Call number suffix ہ ر گ
Holdings
Withdrawn status Lost status Not for loan Collection code Home library Current library Date acquired Source of acquisition Cost, normal purchase price Full call number Barcode Copy number Cost, replacement price Koha item type
      Non-fiction D.B.Act.Division D.B.Act.Division 11/09/2020 DBAD/PUB 200.00 840.8 ہ ر گ U-9410 1 200.00 Urdu Bks

© Delhi Public Library
Hit Counter
free hit counter